|
|
|
|
| LEADER |
00000cem a2200000 a 4500 |
| 001 |
vtls010264511 |
| 003 |
SK-MaSNL |
| 005 |
20260302082016.0 |
| 007 |
aj canzn |
| 008 |
160628s2010 xo jbg a 0 slo |
| 015 |
|
|
|a SNBC2013
|
| 020 |
|
|
|a 9788080672508
|
| 034 |
1 |
|
|a a
|b 90000000
|
| 040 |
|
|
|a SNK
|b slo
|c SNK
|e AACR2
|
| 041 |
0 |
|
|a slo
|
| 043 |
|
|
|a x------
|
| 044 |
|
|
|a xo
|c SK
|
| 072 |
|
7 |
|a 32
|x Politika
|2 konspekt
|
| 072 |
|
7 |
|a 913
|x Regionálna geografia
|2 konspekt
|
| 080 |
|
|
|a 913(100)
|2 2001
|
| 080 |
|
|
|a 32
|2 2001
|
| 080 |
|
|
|a (084.3)32
|2 2001
|
| 080 |
|
|
|a (084.3)
|2 2001
|
| 110 |
2 |
|
|a MAPA Slovakia Plus (Bratislava, Slovensko)
|4 aut
|9 72826
|
| 245 |
1 |
0 |
|a Svet - politická mapa
|h kartografický dokument
|b Svet - fyzická mapa
|c MAPA Slovakia Plus, Bratislava
|
| 246 |
3 |
0 |
|a Svet - fyzická mapa
|
| 250 |
|
|
|a [1. vyd.]
|
| 255 |
|
|
|a Mierka 1:90 000 000
|
| 260 |
|
|
|a Bratislava
|b Mapa Slovakia Plus
|c 2010
|
| 300 |
|
|
|a 2 mapy na 1 liste
|b fareb.
|c 26 x 40 cm, na liste 30 x 42 cm
|
| 500 |
|
|
|a Tlačené na oboch stranách listu
|
| 650 |
0 |
7 |
|a regionálna geografia sveta
|2 SNKPH
|9 93318
|
| 655 |
|
7 |
|a mapy
|2 SNKPH
|9 70425
|
| 655 |
|
7 |
|a politické a správne mapy
|2 SNKPH
|9 332207
|
| 852 |
|
|
|a Štátna vedecká knižnica v Banskej Bystrici
|
| 919 |
|
|
|a 978-80-8067-250-8
|
| 999 |
|
|
|c 1178621
|d 1180551
|
| 952 |
|
|
|a SNK
|b SNK
|y PREZ
|7 0
|p 17A0701229
|o snkSLCm 2911
|i snk2011/8917
|8 0
|0 0
|1 0
|4 0
|d 2011-04-18
|l 0
|r 2026-02-24 21:29:49
|w 2026-02-24
|
| 952 |
|
|
|a SNK
|b SNK
|y VYP
|7 0
|p 17A0701228
|o snkSLCm 2911 D1
|i snk2011/8918
|8 0
|0 0
|1 0
|4 0
|d 2011-04-18
|l 0
|r 2026-02-24 21:29:50
|w 2026-02-24
|